| 000 | 00671nam a2200193Ia 4500 | ||
|---|---|---|---|
| 005 | 20260114154817.0 | ||
| 008 | 008 250103s9999 xx 000 0 eng d | ||
| 037 | _aTheses | ||
| 040 |
_aCRL _beng _cCRL |
||
| 041 |
_aeng _2eng |
||
| 084 | _qCRL | ||
| 100 |
_aShah Harender Kumar Au. _9866392 |
||
| 245 | 0 | _aIdentification of risk phenotypes and their association with organochlorine pesticides exposure in epithelial ovarian cancer | |
| 260 |
_aDelhi _bUniversity of Delhi. Faculty of Interdisciplinary & Applied Sciences . Department of Biochemistry _c2021 |
||
| 300 | _a179p. | ||
| 700 |
_a Benerjee B. D. Gu. _9866393 |
||
| 942 | _cTH | ||
| 999 |
_c1468430 _d1468430 |
||